000 01231nam a2200277Ia 4500
008 130821s2004 sp gr spa
020 _a847871099
040 _aCo-BoUCM
_bspa
_cJorge Pulido (modificó)
041 0 0 _aspa
100 1 _aFeffer, John
_938603
245 1 0 _aCorea del norte, Corea del sur la política estadounidense en una época de crisis
_cJohn Feffer; traductor Jordi Fibla
260 _aBarcelona (España)
_bRBA
_c2004
300 _a251 páginas
650 0 4 _aArmas nucleares
_zCorea del Norte
_99357
650 0 4 _aArmas nucleares
_zCorea del Sur
_99357
650 0 4 _aArmas nucleares
_zEstados Unidos
_957040
651 _aCorea del Norte
_bRelaciones internacionales
_zEstados Unidos
_926912
651 _aCorea del Norte
_xHistoria
_ySiglos XX-XXI
_926912
651 _aCorea del Sur
_bRelaciones internacionales
_zEstados Unidos
_926611
651 _aEstados Unidos
_bRelaciones internacionales
_zCorea del Norte
_97595
651 _aEstados Unidos
_bRelaciones internacionales
_zCorea del Sur
_97595
700 1 _aFibla, Jordi
_938440
_etraductor
765 0 _aNorth Korea, South Korea
_bU.S. policy at a time of crisis.
942 _cLIBRO
_a6
_e1
_mF295c
_2DEWEY
_h327.73
999 _c44466
_d44466